| 000 | 00753nam a2200253 a 4500 | ||
|---|---|---|---|
| 001 | adlib96000001 | ||
| 003 | ViArRB | ||
| 005 | 200902210153555.7 | ||
| 008 | 960221s1955 dcuabcdjdbkoqu001 0deng d | ||
| 020 | _a81-297-0198-7 | ||
| 022 | _a | ||
| 040 | _aAdlib | ||
| 082 | _a65.012.12 | ||
| 245 | _aResearch methods for business students | ||
| 250 | _a3rd ed. | ||
| 260 |
_aDelhi _bPearson Education _c2003 |
||
| 300 |
_axviii, 504p. _c |
||
| 500 | _a | ||
| 100 |
_aSaunders, Mark _e |
||
| 700 |
_aLewis, Philip _aThornhill, Adrian |
||
| 942 | _cBK | ||
| 653 | _aResearch methods- Business studies | ||
| 952 |
_w2010-06-16 _p00052030 _r2012-02-24 _40 _00 _bUL _10 _o65.012.12 SAU _d2010-06-16 _q2012-03-10 _70 _yBK _s2012-02-24 _l2 _aUL |
||
| 999 |
_c48189 _d48188 |
||